LEADER 00911nam a2200205 i 4500 001 000000223086 003 CaOOAMICUS 005 20131003000000.0 008 131003s1829 xx u000 u fre u 013 $a201983 026 $a6.m? duo- e-u- Ceti (3) 1829 (A) 040 $aSeMil$bita 245 10$aTome 5. 300 $a418 p. 773 0 $aReid, Thomas <1710-1796>$tOeuvres complètes de Thomas Reid, chef de l'École Écossaise, publiées par m. Th. Jouffroy, avec des fragments de m. Royer-Collard et une introduction de l'editeur. Tome 1. [-6.].$dParis : chez A. Sautelet et Cie, libraires, rue de Richelieu, n. 14 : Alexandre Mesnier, libraire, place de la Bourse, 1828-1836.$g5$w()5599 850 $aSeMil 852 $aSeMil$W1$xVenegono$y1$m2Q IV 32 FA$j173432$B173432$CSeMilBibl$Z2$F183794 $8I 941 1 $a10 961 $aRecupero: Mantegazza 996 $6245$aTome 5$9(OLS)http://semarc/title/1596 LEADER 00867nam a2200229 i 4500 001 000000209312 003 CaOOAMICUS 005 20111213000000.0 008 111213s1880 it u000 u ita u 013 $a188101 040 $aSeMil$bita 100 1 $aCapuana, Luigi <1839-1915>.$0(OLS)http://semarc/name/7558 245 10$aPrima serie. 260 $aMilano :$bG. Brigola e C.,$c1880. 300 $aVI, 310 p. 500 $aEx libris E. Galli. 773 0 $aCapuana, Luigi <1839-1915>$tStudi sulla letteratura contemporanea.$dMilano : Brigola e C., 1880-1882.$g1$w()25994 850 $aSeMil 852 $aSeMil$W1$xVenegono$y1$m1T IV 23 FA$j159763$B159763$CSeMilBibl$Z2$F170826 $8I 961 $aLascito: Galli Emilio, prof. 996 $6245$aPrima serie$9(OLS)http://semarc/title/49072 996 $6260$aMilano :$bG. Brigola e C.$9(OLS)http://semarc/publisher/52375